| 000 -LEADER |
| fixed length control field |
00567 a2200193 4500 |
| 003 - CONTROL NUMBER IDENTIFIER |
| control field |
OSt |
| 005 - DATE AND TIME OF LATEST TRANSACTION |
| control field |
20260115120205.0 |
| 008 - FIXED-LENGTH DATA ELEMENTS--GENERAL INFORMATION |
| fixed length control field |
260115b ||||| |||| 00| 0 eng d |
| 020 ## - INTERNATIONAL STANDARD BOOK NUMBER |
| International Standard Book Number |
978-93-6660-216-5 |
| 040 ## - CATALOGING SOURCE |
| Transcribing agency |
. |
| 082 ## - DEWEY DECIMAL CLASSIFICATION NUMBER |
| Classification number |
658.7 |
| Item number |
C6992 |
| 100 ## - MAIN ENTRY--PERSONAL NAME |
| 9 (RLIN) |
6485 |
| Personal name |
Collier, David A. |
| 245 ## - TITLE STATEMENT |
| Title |
Operations and Supply Chain Management / |
| Statement of responsibility, etc. |
by David A. Collier and James R. Evans |
| 260 ## - PUBLICATION, DISTRIBUTION, ETC. |
| Name of publisher, distributor, etc. |
Cengage Learning India Pvt Ltd, |
| Place of publication, distribution, etc. |
Delhi : |
| Date of publication, distribution, etc. |
2015. |
| 300 ## - PHYSICAL DESCRIPTION |
| Extent |
776 p. |
| 650 #0 - SUBJECT ADDED ENTRY--TOPICAL TERM |
| 9 (RLIN) |
6484 |
| Topical term or geographic name entry element |
Supply Chain Management |
| 700 ## - ADDED ENTRY--PERSONAL NAME |
| 9 (RLIN) |
2286 |
| Personal name |
Evans, James R. |
| 942 ## - ADDED ENTRY ELEMENTS (KOHA) |
| Source of classification or shelving scheme |
|
| Koha item type |
Books |